[Event "Berlin-ch Seniors op 36th"]
[Site "Berlin"]
[Date "2020.01.28"]
[Round "1.1"]
[White "Weber, Gerald"]
[Black "Postler, Reinhard"]
[Result "0-1"]
[WhiteElo "1788"]
[BlackElo "2228"]
[PlyCount "49"]
[EventDate "2020.01.28"]
[EventType "swiss"]
[EventRounds "9"]
[EventCountry "GER"]
[SourceTitle "EXT 2024"]
[Source "ChessBase"]
[SourceDate "2023.10.10"]
[SourceVersion "1"]
[SourceVersionDate "2023.10.10"]
[SourceQuality "1"]

1. c4 Nf6 2. g3 e5 3. Bg2 Nc6 4. Nc3 Bc5 5. e3 0-0 6. Nge2 Re8 7. d3 d6 8. 0-0 a6 9. a3 Ba7 10. b4 Ne7 11. a4 c6 12. b5 d5 13. Ba3 Be6 14. c5 Qd7 15. b6 Bb8 16. d4 Bh3 17. Rc1 Ng6 18. dxe5 Bxe5 19. Nd4 Bxg2 20. Kxg2 Bxd4 21. Qxd4 Ne4 22. Bb2 f6 23. Rcd1 Qg4 24. f4 Nh4+ 25. Kh1 0-1

[Event "Berlin Lichtenberger op 17th"]
[Site "Berlin"]
[Date "2018.08.24"]
[Round "7"]
[White "Weber, Gerald"]
[Black "Elsing, Jan"]
[Result "0-1"]
[WhiteElo "1714"]
[BlackElo "2129"]
[PlyCount "82"]
[EventDate "2018.08.18"]
[EventType "swiss"]
[EventRounds "9"]
[EventCountry "GER"]
[SourceTitle "CBM 186 Extra"]
[Source "ChessBase"]
[SourceDate "2018.08.24"]
[SourceVersion "1"]
[SourceVersionDate "2018.08.24"]
[SourceQuality "1"]

1. c4 e5 2. g3 d5 3. Bg2 d4 4. d3 Nf6 5. a3 c5 6. Nd2 Nc6 7. Ngf3 h6 8. 0-0 Bd6 9. h3 0-0 10. Re1 a5 11. Nf1 Be6 12. N3d2 Qd7 13. Kh2 Bf5 14. g4 Bg6 15. Ng3 e4 16. Ndxe4 Nxe4 17. Bxe4 Bxe4 18. dxe4 Qe6 19. Qc2 Ne5 20. f4 Nxc4 21. Qd3 Nb6 22. e5 Be7 23. Nf5 Rfd8 24. Nxe7+ Qxe7 25. Qg3 c4 26. Bd2 Qc5 27. Rac1 Qb5 28. Red1 Rd5 29. Rb1 Rad8 30. Qe1 Na4 31. Rdc1 Nxb2 32. Bxa5 Rc8 33. Bb4 Na4 34. Bd6 Qc6 35. Rb4 b5 36. e4 dxe3 37. Qxe3 Rd3 38. Qf2 Qd5 39. Rc2 Nc3 40. Qg2 Qd4 41. Rbb2 Qxf4+ 0-1

[Event "Berlin Lichtenberger op 17th"]
[Site "Berlin"]
[Date "2018.08.23"]
[Round "6"]
[White "Eisheh, Jens Tarek"]
[Black "Weber, Gerald"]
[Result "0-1"]
[WhiteElo "1947"]
[BlackElo "1714"]
[PlyCount "118"]
[EventDate "2018.08.18"]
[EventType "swiss"]
[EventRounds "9"]
[EventCountry "GER"]
[SourceTitle "CBM 186 Extra"]
[Source "ChessBase"]
[SourceDate "2018.08.24"]
[SourceVersion "1"]
[SourceVersionDate "2018.08.24"]
[SourceQuality "1"]

1. e4 c6 2. d4 d5 3. e5 Bf5 4. Nf3 e6 5. Be2 Nd7 6. 0-0 c5 7. c3 Qb6 8. Qa4 a6 9. dxc5 Bxc5 10. Nbd2 Qc6 11. Qd1 Qc7 12. Nb3 Ba7 13. Bf4 Ne7 14. Nbd4 Bg6 15. Bd3 0-0 16. Re1 Bxd3 17. Qxd3 Ng6 18. g3 Nc5 19. Qe2 Nxf4 20. gxf4 Qe7 21. f5 Ne4 22. Kh1 Bxd4 23. Nxd4 exf5 24. f3 Ng5 25. Nxf5 Qe6 26. Qd3 g6 27. Rg1 Nh3 28. Rg2 Nf4 29. Nh6+ Kh8 30. Qe3 Nxg2 31. Kxg2 f5 32. f4 Qe7 33. Qg3 Rac8 34. Rd1 Kg7 35. Qh3 Rc6 36. Rxd5 Qe6 37. Rd2 Rc4 38. Rd6 Qe7 39. Qd3 Rc7 40. Qh3 Rd7 41. Rd4 b5 42. Kf1 Rxd4 43. cxd4 Qb4 44. Qh4 Qc4+ 45. Ke1 Qc1+ 46. Ke2 Qxb2+ 47. Kd3 Qb1+ 48. Kd2 Qxa2+ 49. Ke3 Qe6 50. d5 Qe8 51. e6 Rf6 52. Kd2 Qd8 53. Nxf5+ gxf5 54. Qg5+ Kh8 55. Kc2 Qc8+ 56. Kb2 Rg6 57. Qxf5 Rg2+ 58. Kb1 Rg1+ 59. Ka2 Qc4+ 0-1

[Event "Berlin Lichtenberger op 17th"]
[Site "Berlin"]
[Date "2018.08.22"]
[Round "5"]
[White "Weber, Gerald"]
[Black "Ziems, Michael"]
[Result "1-0"]
[WhiteElo "1714"]
[BlackElo "1813"]
[PlyCount "64"]
[EventDate "2018.08.18"]
[EventType "swiss"]
[EventRounds "9"]
[EventCountry "GER"]
[SourceTitle "CBM 186 Extra"]
[Source "ChessBase"]
[SourceDate "2018.08.24"]
[SourceVersion "1"]
[SourceVersionDate "2018.08.24"]
[SourceQuality "1"]

1. c4 e6 2. g3 d5 3. Bg2 Nf6 4. Nc3 Be7 5. b3 c6 6. e3 Nbd7 7. Nge2 dxc4 8. bxc4 Ne5 9. d4 Nxc4 10. 0-0 0-0 11. a4 Bd7 12. Qd3 Na5 13. Rb1 Rb8 14. e4 b6 15. Bf4 Ra8 16. Rfc1 Bc8 17. e5 Nd5 18. Be4 h6 19. Qf3 Bg5 20. h4 Bxf4 21. Nxf4 f5 22. Bxd5 exd5 23. e6 Qd6 24. Re1 Re8 25. e7 Nc4 26. Rbd1 Bd7 27. h5 Kh7 28. Ng6 Qf6 29. Ne2 Nd6 30. Nef4 Ne4 31. Qg2 Kg8 32. Re3 Qd6 1-0

[Event "Berlin Lichtenberger op 17th"]
[Site "Berlin"]
[Date "2018.08.21"]
[Round "4"]
[White "Kievelitz, Bernd"]
[Black "Weber, Gerald"]
[Result "1/2-1/2"]
[WhiteElo "1868"]
[BlackElo "1714"]
[PlyCount "76"]
[EventDate "2018.08.18"]
[EventType "swiss"]
[EventRounds "9"]
[EventCountry "GER"]
[SourceTitle "CBM 186 Extra"]
[Source "ChessBase"]
[SourceDate "2018.08.24"]
[SourceVersion "1"]
[SourceVersionDate "2018.08.24"]
[SourceQuality "1"]

1. Nf3 d5 2. d4 c6 3. c4 Nf6 4. Qb3 Nbd7 5. g3 e6 6. Bg2 Qb6 7. 0-0 Qxb3 8. axb3 Bd6 9. Nc3 0-0 10. e4 dxe4 11. Ng5 Be7 12. Ngxe4 Nxe4 13. Nxe4 Nf6 14. Nc3 Rd8 15. Rd1 Bd6 16. Bg5 Be7 17. Na4 h6 18. Bf4 Bd6 19. Bxd6 Rxd6 20. Nb6 Rb8 21. Rxa7 Rd8 22. c5 Nd7 23. Na4 Nf6 24. Nc3 Bd7 25. b4 Nd5 26. Nxd5 exd5 27. b5 cxb5 28. Bxd5 Bg4 29. f3 Rxd5 30. fxg4 Kf8 31. Ra5 Ke8 32. Rxb5 Kd7 33. b4 Kc7 34. Kf2 Re8 35. Rb6 Re4 36. Rd6 Rxd6 37. cxd6+ Kxd6 38. Kf3 Kd5 1/2-1/2

[Event "Berlin Lichtenberger op 17th"]
[Site "Berlin"]
[Date "2018.08.20"]
[Round "3"]
[White "Weber, Gerald"]
[Black "Abraham, Helmut"]
[Result "1-0"]
[WhiteElo "1714"]
[BlackElo "1461"]
[PlyCount "51"]
[EventDate "2018.08.18"]
[EventType "swiss"]
[EventRounds "9"]
[EventCountry "GER"]
[SourceTitle "CBM 186 Extra"]
[Source "ChessBase"]
[SourceDate "2018.08.24"]
[SourceVersion "1"]
[SourceVersionDate "2018.08.24"]
[SourceQuality "1"]

1. c4 e5 2. g3 d6 3. Bg2 c6 4. Nc3 Be7 5. b3 f5 6. Bb2 Nf6 7. e3 0-0 8. Nf3 Be6 9. 0-0 Nbd7 10. Ng5 Bf7 11. Nxf7 Rxf7 12. Bh3 Ne4 13. Nxe4 fxe4 14. Be6 Qe8 15. f4 Nc5 16. Bxf7+ Qxf7 17. fxe5 Qe6 18. exd6 Bxd6 19. Qh5 Nd3 20. Bc3 Be5 21. Bxe5 Nxe5 22. Qf5 Qxf5 23. Rxf5 Nf3+ 24. Kg2 Nxd2 25. Rd1 Rd8 26. Rf2 1-0

[Event "Berlin-ch Seniors op 34th"]
[Site "Berlin"]
[Date "2018.02.08"]
[Round "9"]
[White "Becker, Werner"]
[Black "Weber, Gerald"]
[Result "1/2-1/2"]
[WhiteElo "1806"]
[BlackElo "1692"]
[PlyCount "129"]
[EventDate "2018.01.30"]
[EventType "swiss"]
[EventRounds "9"]
[EventCountry "GER"]
[SourceTitle "EXT 2020"]
[Source "ChessBase"]
[SourceDate "2019.10.17"]
[SourceVersion "1"]
[SourceVersionDate "2019.10.17"]
[SourceQuality "1"]

1. c4 c6 2. d4 d5 3. e3 Bf5 4. Nc3 e6 5. cxd5 cxd5 6. Bd3 Bxd3 7. Qxd3 a6 8. Nge2 Nf6 9. Bd2 Bd6 10. 0-0 0-0 11. a3 Nc6 12. e4 dxe4 13. Nxe4 Nxe4 14. Qxe4 Qf6 15. Bc3 Qh6 16. g3 Rfe8 17. Qe3 Qh5 18. Rfe1 Rad8 19. Rad1 Qf5 20. Nc1 Ne7 21. Qd2 Nc6 22. Qe2 Bc7 23. Qe4 Qxe4 24. Rxe4 Bb6 25. Nb3 Rd5 26. a4 f5 27. Ree1 Kf7 28. Kg2 Red8 29. Rd2 Nxd4 30. Bxd4 Bxd4 31. Rde2 R5d6 32. Nd2 b5 33. axb5 axb5 34. Nf3 Bf6 35. b3 h6 36. Rb1 g5 37. Ne1 Rd2 38. Rxd2 Rxd2 39. Nf3 Rb2 40. Rxb2 Bxb2 41. Ne1 e5 42. Nd3 Bd4 43. f3 Ke6 44. Kf1 e4 45. fxe4 fxe4 46. Ne1 Kf5 47. h3 g4 48. h4 h5 49. Ke2 Ke5 50. Ng2 Kd5 51. Nf4+ Kd6 52. Nxh5 Kc5 53. Kd2 Kb4 54. Kc2 Bf2 55. Nf6 Bxg3 56. h5 Be5 57. Nxg4 Bd4 58. h6 e3 59. Kd3 e2 60. Kxe2 Kxb3 61. Kd3 Bh8 62. Ne3 Kb4 63. Kc2 Kc5 64. Kb3 Kd4 65. Nc2+ 1/2-1/2

[Event "Berlin-ch Seniors op 34th"]
[Site "Berlin"]
[Date "2018.01.31"]
[Round "2"]
[White "Weber, Gerald"]
[Black "Rieck, Helmut"]
[Result "0-1"]
[WhiteElo "1692"]
[BlackElo "1942"]
[PlyCount "66"]
[EventDate "2018.01.30"]
[EventType "swiss"]
[EventRounds "9"]
[EventCountry "GER"]
[SourceTitle "EXT 2020"]
[Source "ChessBase"]
[SourceDate "2019.10.17"]
[SourceVersion "1"]
[SourceVersionDate "2019.10.17"]
[SourceQuality "1"]

1. c4 e6 2. Nc3 d5 3. cxd5 exd5 4. Nf3 c6 5. d4 Nf6 6. Bg5 Be7 7. g3 h6 8. Bf4 0-0 9. Qc2 Re8 10. Bg2 Be6 11. 0-0 Nh5 12. Be5 Nd7 13. e3 Nf8 14. Ne2 f6 15. Bf4 g5 16. g4 Bxg4 17. Bg3 Qd7 18. Kh1 a5 19. a3 Bf5 20. Qd1 Ng7 21. Nc3 h5 22. h4 Bg4 23. Qd3 Bxf3 24. Bxf3 gxh4 25. Bh2 Bd6 26. Rg1 Qh3 27. Rg2 Qxf3 28. Bxd6 h3 29. Rag1 hxg2+ 30. Rxg2 Rad8 31. Bh2 h4 32. Kg1 Rd7 33. Ne2 Qe4 0-1

[Event "Berlin-ch Seniors op 34th"]
[Site "Berlin"]
[Date "2018.01.30"]
[Round "1"]
[White "Willin, Bernhard"]
[Black "Weber, Gerald"]
[Result "1-0"]
[WhiteElo "1958"]
[BlackElo "1692"]
[PlyCount "101"]
[EventDate "2018.01.30"]
[EventType "swiss"]
[EventRounds "9"]
[EventCountry "GER"]
[SourceTitle "EXT 2020"]
[Source "ChessBase"]
[SourceDate "2019.10.17"]
[SourceVersion "1"]
[SourceVersionDate "2019.10.17"]
[SourceQuality "1"]

1. d4 d5 2. Nf3 Nf6 3. Bf4 e6 4. e3 Bd6 5. Bg3 0-0 6. Nbd2 b6 7. Bd3 Bb7 8. c3 Nbd7 9. Qb1 h6 10. Ne5 Bxe5 11. dxe5 Nh5 12. f4 Nxg3 13. hxg3 f5 14. exf6 Nxf6 15. Nf3 Ne4 16. g4 Rf6 17. g5 hxg5 18. Bxe4 dxe4 19. Nxg5 Qd3 20. Qxd3 exd3 21. Rh2 Rd8 22. Kd2 Rd5 23. Nf3 Rh6 24. Rah1 Rxh2 25. Rxh2 c5 26. c4 Rd6 27. Ne5 Ba6 28. g3 Bb7 29. Kc3 Be4 30. Rd2 g6 31. Ng4 Bf5 32. Nf2 g5 33. e4 Bg6 34. fxg5 Kf7 35. Rxd3 Rxd3+ 36. Kxd3 Bh5 37. Ke3 e5 38. Nd3 Ke6 39. a3 a5 40. b4 Kd6 41. bxc5+ bxc5 42. Ne1 Bf7 43. Kd3 Bh5 44. Ng2 Ke6 45. Nh4 Kf7 46. Nf5 Kg6 47. Nd6 Kxg5 48. Nb7 a4 49. Nxc5 Be8 50. Ke3 Bf7 51. Nd3 1-0

[Event "Berlin Lichtenberger op 16th"]
[Site "Berlin"]
[Date "2017.08.27"]
[Round "9"]
[White "Ellert, Stefan"]
[Black "Weber, Gerald"]
[Result "1/2-1/2"]
[WhiteElo "1355"]
[BlackElo "1761"]
[PlyCount "56"]
[EventDate "2017.08.19"]
[EventType "swiss"]
[EventRounds "9"]
[EventCountry "GER"]
[SourceTitle "CBM 180 Extra"]
[Source "ChessBase"]
[SourceDate "2017.10.06"]
[SourceVersion "1"]
[SourceVersionDate "2017.10.06"]
[SourceQuality "1"]

1. e4 c6 2. d4 d5 3. Nc3 dxe4 4. Nxe4 Nd7 5. Nf3 Ngf6 6. Nxf6+ Nxf6 7. Bf4 Bg4 8. Be2 e6 9. h3 Bxf3 10. Bxf3 Bd6 11. Bxd6 Qxd6 12. Qd2 h6 13. Rc1 Rd8 14. Rd1 0-0 15. 0-0 Rd7 16. Qc3 Rfd8 17. Rd3 Nd5 18. Bxd5 Qxd5 19. b3 Qe4 20. Rfd1 Rd5 21. Qd2 Rg5 22. f3 Qh4 23. Qf2 Qf4 24. Qd2 Qxd2 25. R1xd2 Rgd5 26. Kf2 f6 27. c3 Kf7 28. g4 g5 1/2-1/2

[Event "Berlin Lichtenberger op 16th"]
[Site "Berlin"]
[Date "2017.08.26"]
[Round "8"]
[White "Weber, Gerald"]
[Black "Kretzschmar, Jan"]
[Result "0-1"]
[WhiteElo "1761"]
[BlackElo "1819"]
[PlyCount "76"]
[EventDate "2017.08.19"]
[EventType "swiss"]
[EventRounds "9"]
[EventCountry "GER"]
[SourceTitle "CBM 180 Extra"]
[Source "ChessBase"]
[SourceDate "2017.10.06"]
[SourceVersion "1"]
[SourceVersionDate "2017.10.06"]
[SourceQuality "1"]

1. c4 e6 2. g3 g6 3. Bg2 Bg7 4. Nc3 c5 5. e3 Nc6 6. Nge2 Nge7 7. Rb1 0-0 8. 0-0 Rb8 9. b3 a6 10. Bb2 b5 11. cxb5 axb5 12. d3 d6 13. Qd2 Bd7 14. Ne4 Nc8 15. Bxg7 Kxg7 16. Qb2+ f6 17. Nf4 Qe7 18. Rbc1 Kg8 19. h4 Nb6 20. Qe2 Rf7 21. Rfd1 e5 22. Nh3 Nd8 23. Nc3 Be6 24. Nxb5 Qd7 25. Nxd6 Qxd6 26. d4 cxd4 27. exd4 e4 28. Nf4 f5 29. d5 Bd7 30. Ne6 Nxe6 31. dxe6 Qxe6 32. Bf1 Qe5 33. a4 Be6 34. Qe3 Nd7 35. Bb5 f4 36. gxf4 Qf5 37. Bc4 Bxc4 38. Rxc4 Qg4+ 0-1

[Event "Berlin Lichtenberger op 16th"]
[Site "Berlin"]
[Date "2017.08.25"]
[Round "7"]
[White "Lippianowski, Stefan"]
[Black "Weber, Gerald"]
[Result "0-1"]
[WhiteElo "1106"]
[BlackElo "1761"]
[PlyCount "62"]
[EventDate "2017.08.19"]
[EventType "swiss"]
[EventRounds "9"]
[EventCountry "GER"]
[SourceTitle "CBM 180 Extra"]
[Source "ChessBase"]
[SourceDate "2017.10.06"]
[SourceVersion "1"]
[SourceVersionDate "2017.10.06"]
[SourceQuality "1"]

1. e4 c6 2. Nc3 d5 3. Nf3 Bg4 4. Be2 e6 5. h3 Bh5 6. a3 Bg6 7. d3 d4 8. Na2 c5 9. Ne5 Ne7 10. Bf4 Nbc6 11. Nc4 Nc8 12. e5 b5 13. Nd2 Nb6 14. Bf3 Rc8 15. Bxc6+ Rxc6 16. Qf3 Qc7 17. Nc1 Be7 18. Ne4 Nc8 19. Ne2 0-0 20. Nf6+ gxf6 21. exf6 Bd6 22. Bh6 Re8 23. g4 e5 24. 0-0-0 e4 25. Qg2 exd3 26. Ng3 dxc2 27. Rd2 Bxg3 28. fxg3 Rce6 29. Qf2 d3 30. h4 Qe5 31. b3 Qa1# 0-1

[Event "Berlin Lichtenberger op 16th"]
[Site "Berlin"]
[Date "2017.08.21"]
[Round "3"]
[White "Plaza Reino, Mercedes"]
[Black "Weber, Gerald"]
[Result "1-0"]
[WhiteElo "1824"]
[BlackElo "1761"]
[PlyCount "101"]
[EventDate "2017.08.19"]
[EventType "swiss"]
[EventRounds "9"]
[EventCountry "GER"]
[SourceTitle "CBM 180 Extra"]
[Source "ChessBase"]
[SourceDate "2017.10.06"]
[SourceVersion "1"]
[SourceVersionDate "2017.10.06"]
[SourceQuality "1"]

1. f4 d5 2. b3 Nf6 3. Nf3 e6 4. Bb2 Be7 5. e3 0-0 6. Be2 c5 7. 0-0 b6 8. Ne5 Bb7 9. d3 Nc6 10. Nxc6 Bxc6 11. Bf3 Rc8 12. Qe2 Nd7 13. c4 Bf6 14. Rd1 Bxb2 15. Qxb2 Qf6 16. Qxf6 Nxf6 17. Nd2 Rfd8 18. e4 d4 19. Kf2 h5 20. h3 g6 21. e5 Ne8 22. Bxc6 Rxc6 23. Ne4 Kg7 24. Re1 f6 25. exf6+ Nxf6 26. Ng5 Re8 27. Re2 Nd7 28. Rae1 Kf6 29. Nf3 Rc7 30. g4 hxg4 31. hxg4 Nf8 32. Kg3 Rh7 33. Ng5 Rhe7 34. Ne4+ Kg7 35. Ng5 Kf6 36. Nf3 Nd7 37. Ne5 Nxe5 38. Rxe5 Rg7 39. Rh1 Ree7 40. b4 cxb4 41. Rb5 e5 42. g5+ Ke6 43. Re1 Rd7 44. Rexe5+ Kd6 45. Rxb4 Kc6 46. Rbb5 Rd6 47. Rbd5 Rgd7 48. Rxd6+ Rxd6 49. Kg4 Kd7 50. f5 a6 51. fxg6 1-0

[Event "Berlin Lichtenberger op 16th"]
[Site "Berlin"]
[Date "2017.08.19"]
[Round "1"]
[White "Neumann, Thomas"]
[Black "Weber, Gerald"]
[Result "1-0"]
[WhiteElo "2128"]
[BlackElo "1761"]
[PlyCount "63"]
[EventDate "2017.08.19"]
[EventType "swiss"]
[EventRounds "9"]
[EventCountry "GER"]
[SourceTitle "CBM 180 Extra"]
[Source "ChessBase"]
[SourceDate "2017.10.06"]
[SourceVersion "1"]
[SourceVersionDate "2017.10.06"]
[SourceQuality "1"]

1. e4 c6 2. d4 d5 3. e5 e6 4. Bd3 c5 5. c3 Nc6 6. Nf3 Qb6 7. 0-0 h6 8. dxc5 Bxc5 9. b4 Be7 10. a4 Qc7 11. Re1 a6 12. Nbd2 Bd7 13. Nb3 Bd8 14. h3 Nge7 15. Bc2 0-0 16. Bb2 Nf5 17. Bxf5 exf5 18. Qxd5 Be6 19. Qd1 Be7 20. Nbd4 Rad8 21. Nxe6 fxe6 22. Qb3 Kf7 23. Nd4 Nxd4 24. cxd4 Rd5 25. Rac1 Qb6 26. Rc4 Rfd8 27. Rec1 R8d7 28. R1c2 g5 29. Kh1 Kg7 30. Kh2 Bd8 31. Rc8 Be7 32. R2c4 1-0

[Event "Berlin-ch Seniors op 33rd"]
[Site "Berlin"]
[Date "2017.02.08"]
[Round "8"]
[White "Weber, Gerald"]
[Black "Krueger, Detlef"]
[Result "1/2-1/2"]
[WhiteElo "1680"]
[BlackElo "1814"]
[PlyCount "53"]
[EventDate "2017.01.31"]
[EventType "swiss"]
[EventRounds "9"]
[EventCountry "GER"]
[SourceTitle "EXT 2019"]
[Source "ChessBase"]
[SourceDate "2018.10.10"]
[SourceVersion "1"]
[SourceVersionDate "2018.10.10"]
[SourceQuality "1"]

1. c4 Nf6 2. Nc3 g6 3. g3 Bg7 4. Bg2 0-0 5. e3 e5 6. Nge2 Nc6 7. 0-0 d6 8. a3 a5 9. b3 Be6 10. Bb2 Qd7 11. d4 exd4 12. exd4 Bh3 13. Nf4 Bxg2 14. Kxg2 Rfe8 15. Qd3 Re7 16. Ncd5 Nxd5 17. Nxd5 Re6 18. Rae1 Rae8 19. Rxe6 fxe6 20. Ne3 Ne7 21. Bc3 b6 22. d5 e5 23. Qe4 Rf8 24. Bd2 Bh6 25. Bc1 Bxe3 26. Bxe3 Nf5 27. Re1 1/2-1/2

[Event "Berlin-ch Seniors op 33rd"]
[Site "Berlin"]
[Date "2017.02.04"]
[Round "5"]
[White "Grunewald, Peter"]
[Black "Weber, Gerald"]
[Result "0-1"]
[WhiteElo "1872"]
[BlackElo "1680"]
[PlyCount "54"]
[EventDate "2017.01.31"]
[EventType "swiss"]
[EventRounds "9"]
[EventCountry "GER"]
[SourceTitle "EXT 2019"]
[Source "ChessBase"]
[SourceDate "2018.10.10"]
[SourceVersion "1"]
[SourceVersionDate "2018.10.10"]
[SourceQuality "1"]

1. c4 Nf6 2. Nc3 e6 3. d4 d5 4. e3 g6 5. Nf3 Bg7 6. Be2 0-0 7. 0-0 b6 8. Re1 Na6 9. cxd5 Nxd5 10. Qa4 Nab4 11. Bd2 c5 12. a3 cxd4 13. Nxd4 Nxc3 14. bxc3 Nd5 15. Bf3 Bd7 16. Qb3 Bxd4 17. exd4 Bc6 18. c4 Ne7 19. Bb4 Bxf3 20. Qxf3 Rc8 21. d5 Rxc4 22. dxe6 fxe6 23. Qb7 Rf7 24. Qa6 Qd4 25. Rf1 Rc2 26. Rad1 Rcxf2 27. Rxf2 Qxf2+ 0-1

[Event "GER Seniors Derby 13th"]
[Site "Wesel Undeloh"]
[Date "2014.05.10"]
[Round "7"]
[White "Schnellenpfeil, Wolfgang"]
[Black "Weber, Gerald"]
[Result "1-0"]
[WhiteElo "1935"]
[BlackElo "1667"]
[PlyCount "49"]
[EventDate "2014.05.07"]
[EventType "swiss"]
[EventRounds "9"]
[EventCountry "GER"]
[SourceTitle "EXT 2018"]
[Source "ChessBase"]
[SourceDate "2017.10.13"]
[SourceVersion "1"]
[SourceVersionDate "2017.10.13"]
[SourceQuality "1"]

1. d4 d5 2. c4 e6 3. Nf3 Nf6 4. g3 dxc4 5. Qa4+ Qd7 6. Qxc4 b6 7. Bg2 Ba6 8. Qc2 Nc6 9. 0-0 Rc8 10. Rd1 Nb4 11. Qd2 Be7 12. Ne5 Qd6 13. a3 Bxe2 14. Qxe2 Nbd5 15. Nc3 c6 16. Ne4 Qc7 17. Bd2 0-0 18. Rac1 Qb7 19. b4 Rc7 20. Rc2 Rfc8 21. Rdc1 Nxe4 22. Bxe4 f6 23. Nd3 Qa6 24. Bxd5 exd5 25. Bf4 1-0

[Event "GER Seniors Derby 13th"]
[Site "Wesel Undeloh"]
[Date "2014.05.10"]
[Round "8"]
[White "Weber, Gerald"]
[Black "Weber, Hans"]
[Result "0-1"]
[WhiteElo "1667"]
[BlackElo "1544"]
[PlyCount "44"]
[EventDate "2014.05.07"]
[EventType "swiss"]
[EventRounds "9"]
[EventCountry "GER"]
[SourceTitle "EXT 2018"]
[Source "ChessBase"]
[SourceDate "2017.10.13"]
[SourceVersion "1"]
[SourceVersionDate "2017.10.13"]
[SourceQuality "1"]

1. c4 Nf6 2. Nc3 e6 3. g3 d5 4. cxd5 Nxd5 5. Bg2 c6 6. Nf3 Nd7 7. 0-0 Bd6 8. e4 Nxc3 9. bxc3 Qe7 10. d4 0-0 11. e5 Bc7 12. Re1 Nb6 13. Qb3 Qd7 14. c4 h6 15. Ba3 Re8 16. Rad1 Bd8 17. Bh3 Be7 18. Bc1 Bf8 19. Be3 Qe7 20. Rb1 Qa3 21. Qc2 Qa4 22. Bf1 Qxc2 0-1

[Event "GER Seniors Derby 13th"]
[Site "Wesel Undeloh"]
[Date "2014.05.09"]
[Round "5"]
[White "Werk, Manfred"]
[Black "Weber, Gerald"]
[Result "1-0"]
[WhiteElo "1927"]
[BlackElo "1667"]
[PlyCount "103"]
[EventDate "2014.05.07"]
[EventType "swiss"]
[EventRounds "9"]
[EventCountry "GER"]
[SourceTitle "EXT 2018"]
[Source "ChessBase"]
[SourceDate "2017.10.13"]
[SourceVersion "1"]
[SourceVersionDate "2017.10.13"]
[SourceQuality "1"]

1. Nf3 d5 2. d3 Nf6 3. g3 g6 4. Bg2 Bg7 5. 0-0 0-0 6. c3 b6 7. Qc2 Bb7 8. Re1 Re8 9. Nbd2 c5 10. e4 dxe4 11. dxe4 e5 12. Nc4 Nc6 13. Bg5 Qc7 14. Rad1 Rad8 15. a4 a6 16. Rxd8 Nxd8 17. Bxf6 Bxf6 18. Qb3 Re6 19. Bh3 Rc6 20. Rd1 Ne6 21. Rd5 Bc8 22. Bf1 Nd8 23. Nfxe5 Bxe5 24. Nxe5 Be6 25. Nxc6 Nxc6 26. Bxa6 Bxd5 27. Qxd5 Nd8 28. f4 Nc6 29. e5 Ne7 30. Qd6 Qa7 31. Bb5 Nf5 32. Qd8+ Kg7 33. Qf6+ Kg8 34. Qd8+ Kg7 35. Qf6+ Kg8 36. e6 Qe7 37. Qxf7+ Qxf7 38. exf7+ Kxf7 39. Bc4+ Kf6 40. Kf2 Nd6 41. Bd5 h5 42. h3 Nc8 43. g4 hxg4 44. hxg4 g5 45. Ke3 Ne7 46. Bf3 Ng6 47. fxg5+ Kxg5 48. Ke4 Nf4 49. b4 cxb4 50. cxb4 Ne6 51. Kd5 Kf6 52. Bd1 1-0

[Event "GER Seniors Derby 13th"]
[Site "Wesel Undeloh"]
[Date "2014.05.08"]
[Round "3"]
[White "Vonnahme, Heinrich"]
[Black "Weber, Gerald"]
[Result "0-1"]
[WhiteElo "1556"]
[BlackElo "1667"]
[PlyCount "127"]
[EventDate "2014.05.07"]
[EventType "swiss"]
[EventRounds "9"]
[EventCountry "GER"]
[SourceTitle "EXT 2018"]
[Source "ChessBase"]
[SourceDate "2017.10.13"]
[SourceVersion "1"]
[SourceVersionDate "2017.10.13"]
[SourceQuality "1"]

1. e4 e5 2. Nf3 Nc6 3. Bc4 Be7 4. d4 exd4 5. Nxd4 d6 6. Nc3 Nf6 7. Bg5 Ne5 8. Bb3 h6 9. Bh4 0-0 10. 0-0 c5 11. Nf3 Bg4 12. Bxf6 Bxf6 13. Qe2 Nxf3+ 14. gxf3 Bh3 15. Rfd1 Be5 16. f4 Bxf4 17. Qh5 Qd7 18. Rd3 Bg4 19. Qh4 Bg5 20. Qg3 Rad8 21. f4 Be7 22. f5 h5 23. Nd5 b5 24. c4 Bf6 25. Nxf6+ gxf6 26. h3 Kh7 27. hxg4 Rg8 28. Kf2 Rxg4 29. Qh3 Rxe4 30. Qxh5+ Kg7 31. Rg1+ Kf8 32. cxb5 c4 33. Bxc4 Rf4+ 34. Rf3 Rxf3+ 35. Qxf3 Re8 36. Rh1 Re5 37. Rh8+ Ke7 38. Bd3 d5 39. Rb8 Qc7 40. Rh8 Qc5+ 41. Kg2 Re3 42. Qf2 Qd4 43. Be2 Qe5 44. Kf1 d4 45. Rh7 Re4 46. Ke1 Rf4 47. Qg2 Re4 48. Kd1 Qxf5 49. Rh5 Qe6 50. Qh2 Qd7 51. Qg2 Re5 52. Rxe5+ fxe5 53. Qg5+ Kd6 54. Qf6+ Qe6 55. Qxe6+ Kxe6 56. Bc4+ Ke7 57. Ke2 f6 58. b4 Kd6 59. a4 Kc7 60. Kf3 f5 61. a5 Kd6 62. a6 Kc7 63. Bd5 e4+ 64. Ke2 0-1

[Event "GER Seniors Derby 13th"]
[Site "Wesel Undeloh"]
[Date "2014.05.07"]
[Round "1"]
[White "Nozulak, Joachim"]
[Black "Weber, Gerald"]
[Result "1/2-1/2"]
[WhiteElo "1307"]
[BlackElo "1667"]
[PlyCount "65"]
[EventDate "2014.05.07"]
[EventType "swiss"]
[EventRounds "9"]
[EventCountry "GER"]
[SourceTitle "EXT 2018"]
[Source "ChessBase"]
[SourceDate "2017.10.13"]
[SourceVersion "1"]
[SourceVersionDate "2017.10.13"]
[SourceQuality "1"]

1. d4 d5 2. Nf3 Nf6 3. e3 g6 4. c4 e6 5. c5 Bg7 6. Be2 0-0 7. 0-0 b6 8. cxb6 cxb6 9. Nc3 Nc6 10. Bd2 Bb7 11. a3 Rc8 12. b4 Ne4 13. Rc1 Nxd2 14. Qxd2 Qe7 15. b5 Na5 16. Qb2 Nc4 17. Bxc4 Rxc4 18. Nd2 Rc7 19. Ne2 Rfc8 20. Rxc7 Rxc7 21. Rc1 Bf8 22. Rxc7 Qxc7 23. a4 a5 24. f4 Bb4 25. Nf3 f6 26. g4 Qc4 27. Kf2 Bd6 28. Nc3 Bc8 29. h3 Bd7 30. Nd2 Qc7 31. Nf3 Bb4 32. Na2 Be7 33. Nc3 1/2-1/2

[Event "GER Seniors Derby 13th"]
[Site "Wesel Undeloh"]
[Date "2014.05.07"]
[Round "2"]
[White "Weber, Gerald"]
[Black "Memmel, Guenther"]
[Result "1/2-1/2"]
[WhiteElo "1667"]
[BlackElo "1931"]
[PlyCount "71"]
[EventDate "2014.05.07"]
[EventType "swiss"]
[EventRounds "9"]
[EventCountry "GER"]
[SourceTitle "EXT 2018"]
[Source "ChessBase"]
[SourceDate "2017.10.13"]
[SourceVersion "1"]
[SourceVersionDate "2017.10.13"]
[SourceQuality "1"]

1. c4 Nf6 2. Nc3 e6 3. g3 d5 4. cxd5 exd5 5. d4 Be7 6. Bg2 c6 7. Nf3 0-0 8. 0-0 Bf5 9. e3 Nbd7 10. b3 Ne4 11. Bb2 Re8 12. Ne2 Ng5 13. Nf4 Nxf3+ 14. Bxf3 Nf6 15. Bg2 Bd6 16. Nd3 Qe7 17. Rc1 Ng4 18. Re1 Qg5 19. h4 Qh6 20. Bf3 Nxe3 21. Rxe3 Rxe3 22. fxe3 Qxe3+ 23. Nf2 Bxg3 24. Qe2 Qxe2 25. Bxe2 Bxh4 26. Kg2 Re8 27. Bf3 Re3 28. Rh1 Bf6 29. Bc1 Re8 30. Rd1 h6 31. Kg3 g5 32. Ng4 Bxg4 33. Kxg4 Kg7 34. Kf5 Bd8 35. Rd3 Re6 36. Re3 1/2-1/2